Biblioteka Instytutu Północnego w Olsztynie

Między Krakowem a Warmią i Mazurami : (Rekord nr 27092)

Szczegóły MARC
000 -Nagłówek
fixed length control field 02362cam a2200637 i 4500
001 - Nr kontrolny bibl., która utworzyła rek.
control field zz2006922690
003 - Siglum bibl., której nr kontr. jest w 001
control field NUKAT
005 - Data i czas ostatniej operacji
control field 20260318110436.0
008 - Elementy pola stałej długości
fixed length control field 060315s1987 pl a |001 0 pol c
020 ## - ISBN
ISBN 8370022723
dopowiedzenie (oprawa miękka)
035 ## - Systemowy numer kontrolny
systemowy numer kontrolny (OCoLC)69297985
035 ## - Systemowy numer kontrolny
systemowy numer kontrolny (NUKAT)zz2006922690
040 ## - Instytucja sporządzająca opis
Instytucja, która sporządziła opis LUBL M/IK
język katalgowania-trzyzn. kod pol
zasady opisu rda
Instytucja, która sporządziła rekord LUBL M/IK
Instytucja, która zmodyfikowała rekord LUBL M/JD
-- POZN U/KNs
-- TOR U/JSzs
-- OLSZT 008/bak
046 ## - Kod rodz. daty, data1, data2 (daty pne)
Single or starting date for aggregated content 1945
Ending date for aggregated content 1987
100 1# - Hasło główne-nazwa osobowa
Nazwa osobowa Barycz, Henryk
Daty biograficzne (1901-1994).
rodzaj współpracy Autor
9 (RLIN) 8245
245 10 - Tytuł właściwy i oznaczenie odpow.
tytuł Między Krakowem a Warmią i Mazurami :
dodatek do tytułu studia i szkice /
dod. inf. ze s. tyt./ozn. odpow. Henryk Barycz.
250 ## - Oznaczenie wydania
oznaczenie wydania Wydanie pierwsze.
260 ## - Adres wydawniczy
miejsce wydania, dystrybucji itp. Olsztyn :
nazwa wydawcy, dystrybutora itp. Wydawnictwo Pojezierze,
data wydania, dystrybucji itp. 1987.
300 ## - Opis fizyczny
objętość i/lub forma materiału 341, [3] strony :
inne szczegóły opisu fizycznego ilustracje ;
format 24 cm.
336 ## - Content Type
Term Tekst
Code txt
Source rdacontent
337 ## - Media Type
Term Bez urządzenia pośredniczącego
Code n
Source rdamedia
338 ## - Carrier Type
Term Wolumin
Code nc
Source rdacarrier
380 ## - Form of work
Form of work Książki
380 ## - Form of work
Form of work Publikacje naukowe
388 1# - TIME PERIOD OF CREATION
Time period of creation term 1901-2000
388 1# - TIME PERIOD OF CREATION
Time period of creation term 1945-1989
504 ## - Uwaga o bibliografii
uwaga o bibliografii Indeksy.
600 17 - Hasło przedmiotowe-nazwa osobowa
nazwa osobowa Kopernik, Mikołaj
daty biograficzne (1473-1543)
określnik rzeczowy historiografia.
źródło hasła kaba
9 (RLIN) 38342
610 24 - Hasło przedmiotowe-nazwa ciała zbior.
nazwa ciała zbior. lub geogr. Albertus-Universität Königsberg
określnik chronologiczny 16 w.
źródło hasła kaba
9 (RLIN) 886
648 #7 - SUBJECT ADDED ENTRY--CHRONOLOGICAL TERM
Chronological term 1401-1500
Source of heading or term DBN
9 (RLIN) 36030
648 #7 - SUBJECT ADDED ENTRY--CHRONOLOGICAL TERM
Chronological term 1501-1600
Source of heading or term DBN
9 (RLIN) 36032
648 #7 - SUBJECT ADDED ENTRY--CHRONOLOGICAL TERM
Chronological term 1601-1700
Source of heading or term DBN
9 (RLIN) 36034
648 #7 - SUBJECT ADDED ENTRY--CHRONOLOGICAL TERM
Chronological term 1701-1800
Source of heading or term DBN
9 (RLIN) 36035
648 #7 - SUBJECT ADDED ENTRY--CHRONOLOGICAL TERM
Chronological term 1801-1900
Source of heading or term DBN
9 (RLIN) 36037
648 #7 - SUBJECT ADDED ENTRY--CHRONOLOGICAL TERM
Chronological term 1901-2000
Source of heading or term DBN
9 (RLIN) 34996
650 #7 - Hasło przedmiotowe-nazwa pospolita
nazwa pospolita lub geogr. Astronomia
określnik geograficzny Polska
określnik chronologiczny 1500-1800.
źródło hasła kaba
9 (RLIN) 38343
650 #7 - Hasło przedmiotowe-nazwa pospolita
nazwa pospolita lub geogr. Literatura polska
określnik chronologiczny 1500-1800
określnik rzeczowy historia i krytyka.
źródło hasła kaba
9 (RLIN) 38344
651 #7 - Hasło przedmiotowe-nazwa geogr.
nazwa geograficzna Królewiec (Rosja)
źródło hasła DBN
9 (RLIN) 35199
651 #7 - Hasło przedmiotowe-nazwa geogr.
nazwa geograficzna Mazury
źródło hasła DBN
9 (RLIN) 35176
651 #7 - Hasło przedmiotowe-nazwa geogr.
nazwa geograficzna Polska
źródło hasła DBN
9 (RLIN) 35076
651 #7 - Hasło przedmiotowe-nazwa geogr.
nazwa geograficzna Prusy
źródło hasła DBN
9 (RLIN) 35118
651 #7 - Hasło przedmiotowe-nazwa geogr.
nazwa geograficzna Prusy Książęce
źródło hasła DBN
9 (RLIN) 35232
651 #7 - Hasło przedmiotowe-nazwa geogr.
nazwa geograficzna Warmia
źródło hasła DBN
9 (RLIN) 35166
651 #7 - Hasło przedmiotowe-nazwa geogr.
nazwa geograficzna Polska
określnik rzeczowy stosunki
określnik geograficzny Prusy.
źródło hasła kaba
9 (RLIN) 38345
651 #7 - Hasło przedmiotowe-nazwa geogr.
nazwa geograficzna Prusy
określnik rzeczowy stosunki
określnik geograficzny Polska.
źródło hasła kaba
9 (RLIN) 38346
651 #7 - Hasło przedmiotowe-nazwa geogr.
nazwa geograficzna Prusy
określnik rzeczowy cywilizacja.
źródło hasła kaba
9 (RLIN) 20541
651 #7 - Hasło przedmiotowe-nazwa geogr.
nazwa geograficzna Polska
określnik rzeczowy cywilizacja.
źródło hasła kaba
9 (RLIN) 4635
651 #7 - Hasło przedmiotowe-nazwa geogr.
nazwa geograficzna Prusy Wschodnie (prowincja)
określnik chronologiczny 1500-1800.
źródło hasła kaba
9 (RLIN) 38347
651 #7 - Hasło przedmiotowe-nazwa geogr.
nazwa geograficzna Warmia (Polska ; region)
określnik chronologiczny 1500-1800.
źródło hasła kaba
9 (RLIN) 32979
655 #7 - Termin określający rodzaj/formę
rodzaj/forma Antologia
źródło terminu DBN
9 (RLIN) 34961
658 ## - Nazwa określająca cel programu nauczania
główny cel programu nauczania Historia
658 ## - Nazwa określająca cel programu nauczania
główny cel programu nauczania Kultura i sztuka
710 2# - Hasło dodatkowe - nazwa ciała zbior.
nazwa ciała zbior. lub nazwa geogr. Stowarzyszenie Społeczno-Kulturalne "Pojezierze" (Olsztyn).
nazwa jednostki podrzędnej Wydawnictwo.
rodzaj współpracy Wydawca
kod rodzaju współpracy pbl
9 (RLIN) 11709
920 ## - ISBN
ISBN 83-7002-272-3 (oprawa miękka)
942 ## - ADDED ENTRY ELEMENTS (KOHA)
Source of classification or shelving scheme Dewey Decimal Classification
Koha item type pozycje dostępne na miejscu
Egzemplarze
Status wycofania Status zagubienia Klasyfikacja Status uszkodzenia Blokada wypożyczeń Kolekcja Lokalizacja macierzysta Lokalizacja bieżąca Data nabycia Numer akcesji Źródło akcesji Cena Nr inwentarzowy il. wypożyczeń Sygnatura Kod kreskowy Date last seen Price effective from Typ egz.
    Dewey Decimal Classification nieuszkodzona   książka w magazynie Biblioteka Instytutu Północnego w Olsztynie Biblioteka Instytutu Północnego w Olsztynie 16/03/2026 D-27/2026 dar 34.00 73887   73887 IPWK21415 18/03/2026 18/03/2026 pozycje dostępne na miejscu
Biblioteka Instytutu Północnego, ul. Partyzantów 87, 10-402 Olsztyn, email: biblioteka(at)ip.olsztyn.pl